Open Data Biblioteca Nacional de Portugal


República Portuguesa: Ministério da Cultura
Biblioteca Nacional de Portugal

Catálogo da BNP: acesso por Identificadores Unívocos
Registos Bibliográficos associados ao registo de autoridade

Etiqueta de registo: 00000nam 2200025 450
001 2052800
003 http://id.bnportugal.gov.pt/bib/catbnp/2052800
100 ## $a20200812d2018 k y0pory01030103ba
101 0# $apor$deng
102 ## $aPT
105 ## $aa m 000yy
106 ## $ar
200 1# $aDrogas em combate$euso e significados das substâncias psicoativas na Guerra Colonial Portuguesa$fVasco Gil Ferreira Calado $gorient. Francisco Oneto
210 #9 $aLisboa$c[s.n.],$d2018
215 ## $aVI, 300, [34] p.$cil.$d30 cm
328 #1 $aTese dout. Antropologia, ISCTE-IUL Instituto Universitário de Lisboa, 2018
675 ## $a392.8(=1:469)(6)"1961/1974"(043)$vBN$zpor$31788359
675 ## $a316.72(=1:469)(6)"1961/1974"(043)$vBN$zpor$31788364
675 ## $a613.81/.83(=1:469)(6)"1961/1974"(043)$vBN$zpor$31788362
675 ## $a355.11(=1:469)(6)"1961/1974"(043)$vBN$zpor$31788363
700 #1 $aCalado,$bVasco Gil,$f1974-$31253699
702 #1 $aOneto,$bFrancisco$4727$31788076
801 #0 $aPT$bBN$gRPC
966 ## $lBN$mFGMON$sS.C. 153183 V.$x1

Etiqueta de registo: 00254nam 2200025 450
001 2281716
003 http://id.bnportugal.gov.pt/bib/catbnp/2281716
100 ## $a20260319d2025 k y0pory01030103ba
101 0# $apor$deng
102 ## $aPT
105 ## $aa m 000yy
106 ## $ar
200 1# $aEcologias do trabalho da pesca$e uma etnografia com pescadores de Setúbal e Sesimbra$fJoana Sá Couto Lomba Batista$gorient. Maria Luísa de Carvalho de Albuquerque Schmidt, Francisco Manuel da Silva Oneto Nunes
210 #9 $aLisboa$c[s.n.],$d2025
215 ## $aXV, 326 p.$cil.$d30 cm
328 #1 $aTese dout. Alterações Climáticas e Políticas de Desenvolvimento Sustentável (Sociologia), Instituto de Ciências Sociais da Universidade de Lisboa, Universidade Nova de Lisboa, 2025
675 ## $a502.13(469.412)(043)$vBN$zpor$31264040
675 ## $a639.2(469.412)(043)$vBN$zpor$31887527
700 #1 $aBatista,$bJoana Sá Couto Lomba$31992455
702 #1 $aSchmidt,$bLuísa,$f1957-$4727$3105470
702 #1 $aOneto,$bFrancisco$4727$31788076
801 #0 $aPT$bBN$gRPC
966 ## $lBN$mFGMON$sS.A. 193594 V.$x1
971 ## $cabrito$d20260319
972 ## $e0$z0$d20260427$vlrevez
973 ## $csteixeira$d20260416

OpendataBNP@bnportugal.pt | Mais informação sobre acesso aos dados BNP